000 00303nam a22001217a 4500
008 170508b xxu||||| |||| 00| 0 eng d
041 _aeng
080 _25 ED
_a343.9
100 _a14
101 _aSHJ
245 _aTHE CRIMINAL KUSTICE STUDENTS WRITES MANUAL
_cJOHNSON.W.A
942 _2udc
_cBK
999 _c12969
_d12969